[Event "AUTO-OPEN-1170"]
[Site "http://www.queenalice.com/game.php?id=497033"]
[Date "2008.11.22"]
[Round "2"]
[White "tiaokarreirov"]
[Black "THECRAZY"]
[Result "1-0"]
[WhiteElo "2139"]
[BlackElo "1823"]

1. d4 Nf6 2. c4 b6 3. Nf3 Bb7 4. e3 e6 5. Bd3 c5 6. Nc3 Be7 7. O-O Nc6 8. d5 Nb4
9. Bb1 exd5 10. a3 Na6 11. cxd5 d6 12. Bd3 Nc7 13. e4 Ba6 14. Bxa6 Nxa6 15. Qa4+
Qd7 16. Qxa6 O-O 17. h3 Rfe8 18. Re1 Nh5 19. e5 h6 20. g4 Rab8 21. Qb5 Qc8 22.
exd6 Bxd6 23. Rxe8+ Qxe8 24. Qxe8+ Rxe8 25. gxh5 g5 26. Bd2 f5 27. Re1 Rd8 28.
Re6 Kg7 29. Rg6+ Kf7 30. Rxh6 Kg7 31. Rg6+ Kh7 32. Nxg5+ Kh8 33. Nf7+ Kh7 34.
Nxd8 f4 35. Ne4 Be5 36. Ng5+ Kh8 37. Ndf7# 1-0

[Event "AUTO-MASTER-805"]
[Site "http://www.queenalice.com/game.php?id=590170"]
[Date "2009.5.18"]
[Round "1"]
[White "imcute"]
[Black "tiaokarreirov"]
[Result "1-0"]
[WhiteElo "1967"]
[BlackElo "2122"]

1. e4 c5 2. Nf3 Nc6 3. d4 cxd4 4. Nxd4 Nf6 5. Nc3 d6 6. Be3 e5 7. Ndb5 a6 8. Nd5
Nxd5 9. exd5 axb5 10. dxc6 bxc6 11. Qf3 d5 12. Be2 Bd6 13. O-O e4 14. Qh5 h6 15.
g3 g6 16. Qh4 Qxh4 17. gxh4 Bh3 18. Rfe1 h5 19. a3 f5 20. Bg5 f4 21. Rad1 1-0

[Event "AUTO-MASTER-805"]
[Site "http://www.queenalice.com/game.php?id=590171"]
[Date "2009.5.18"]
[Round "1"]
[White "tiaokarreirov"]
[Black "imcute"]
[Result "0-1"]
[WhiteElo "2140"]
[BlackElo "1943"]

1. d4 d5 2. c4 c6 3. Nc3 Nf6 4. Nf3 Bf5 5. Qb3 b6 6. cxd5 cxd5 7. Ne5 e6 8. e4
Bxe4 9. Nxe4 dxe4 10. Bb5+ Nbd7 11. Bg5 Be7 12. Bxf6 gxf6 13. Nxd7 a6 14. Nxf6+
Kf8 15. Nd7+ Kg7 16. Qg3+ Kh6 17. Bc6 Bb4+ 18. Ke2 Rc8 19. Ne5 Qe7 20. Bxe4 f5
21. Bd3 Rhg8 0-1

[Event "AUTO-MASTER-805"]
[Site "http://www.queenalice.com/game.php?id=590182"]
[Date "2009.5.18"]
[Round "1"]
[White "Fauquinelle"]
[Black "tiaokarreirov"]
[Result "0-1"]
[WhiteElo "1942"]
[BlackElo "2085"]

1. d4 d5 2. c4 c6 3. Nc3 Nf6 4. Nf3 Nbd7 5. cxd5 cxd5 6. Bf4 e6 7. e3 Bb4 8. Bd3
Nh5 9. Bg5 Qa5 10. Qc2 h6 11. Bh4 g5 12. Bg3 Nxg3 13. hxg3 g4 14. Nd2 a6 15. Nb3
Qd8 16. O-O-O b5 17. Kb1 Bb7 18. a3 Bd6 19. Na5 Qxa5 0-1

[Event "AUTO-MASTER-805"]
[Site "http://www.queenalice.com/game.php?id=590183"]
[Date "2009.5.18"]
[Round "1"]
[White "tiaokarreirov"]
[Black "Fauquinelle"]
[Result "1-0"]
[WhiteElo "2101"]
[BlackElo "1888"]

1. d4 Nf6 2. Nc3 c5 3. d5 e6 4. e4 exd5 5. e5 Ne4 6. Nxd5 Qa5+ 7. c3 Nc6 8. Qe2
Nxc3 9. bxc3 Ne7 10. Qb5 Qd8 11. Qxc5 Nxd5 12. Qxd5 Qc7 13. Bc4 d6 14. Bf4 Be6
15. Bb5+ Kd8 16. Qd3 a6 17. exd6 Qa5 18. Bc4 Bxc4 19. Qxc4 Rc8 20. Qd4 Qxc3+ 21.
Qxc3 Rxc3 22. Ne2 Rc2 23. Ng3 Rc6 24. a4 Bxd6 25. Rd1 Ke7 26. Bxd6+ Rxd6 27.
Nf5+ 1-0

[Event "AUTO-MASTER-805"]
[Site "http://www.queenalice.com/game.php?id=590190"]
[Date "2009.5.18"]
[Round "1"]
[White "tiaokarreirov"]
[Black "R_Mutt"]
[Result "1/2-1/2"]
[WhiteElo "2117"]
[BlackElo "2242"]

1. d4 d5 2. c4 e5 3. dxe5 d4 4. Nf3 Nc6 5. a3 f6 6. exf6 Nxf6 7. e3 Be7 8. exd4
Bg4 9. Be2 Bxf3 10. Bxf3 Nxd4 11. Bxb7 Rb8 12. Bd5 Nb3 13. Ra2 Nxd5 14. cxd5
Nxc1 15. Qxc1 Qxd5 16. b3 Qxg2 17. Rf1 O-O 18. Re2 Bd6 19. Qc4+ Kh8 20. h4 Qg6
21. Nd2 a5 22. Rh1 Qf6 23. Kf1 Qa1+ 24. Kg2 Qxa3 25. Rh3 Qb4 26. Qxb4 axb4 27.
Nc4 Bc5 28. Rd3 1/2-1/2

[Event "AUTO-MASTER-805"]
[Site "http://www.queenalice.com/game.php?id=590191"]
[Date "2009.5.18"]
[Round "1"]
[White "R_Mutt"]
[Black "tiaokarreirov"]
[Result "1/2-1/2"]
[WhiteElo "2244"]
[BlackElo "2121"]

1. d4 d5 2. Nc3 Nf6 3. e4 Nxe4 4. Nxe4 dxe4 5. Bc4 Nc6 6. c3 e5 7. d5 Ne7 8. Ne2
c6 9. Ng3 cxd5 10. Nxe4 Qd7 11. Bb5 Nc6 12. Ng3 Bc5 13. O-O O-O 14. Re1 a6 15.
Ba4 b5 16. Bc2 Qd6 17. b4 Bb6 18. Ne4 Qe7 19. Ng5 Qf6 20. Bxh7+ Kh8 21. Rf1 g6
22. Qxd5 Bf5 23. Qf3 Rad8 24. g4 Rd3 25. Qe2 Rxc3 26. gxf5 Rxc1 27. Raxc1 Qxg5+
28. Kh1 Nd4 29. Qxe5+ Kxh7 30. fxg6+ Kh6 31. f4 Qxe5 32. fxe5 f5 33. exf6 Kxg6
1/2-1/2

[Event "AUTO-OPEN-1168"]
[Site "http://www.queenalice.com/game.php?id=626398"]
[Date "2009.7.28"]
[Round "3"]
[White "alexsoncini"]
[Black "tiaokarreirov"]
[Result "0-1"]
[WhiteElo "1896"]
[BlackElo "2137"]

1. d4 Nf6 2. Nd2 c5 3. e3 cxd4 4. exd4 Nc6 5. Nc4 e6 6. c3 Qc7 7. Qf3 d6 8. Bf4
e5 9. dxe5 dxe5 10. Be3 Be7 11. Nd2 O-O 12. h3 Be6 13. Bd3 Rad8 14. Bf5 Rxd2 15.
Bxd2 e4 16. Qg3 Qxg3 17. Bxh7+ Kxh7 18. fxg3 Ne5 19. Bg5 Nd3+ 20. Kd2 Nxb2 21.
Ne2 Nc4+ 22. Ke1 Ne5 23. Nd4 Nd3+ 24. Kd2 Bd7 25. Bxf6 Bxf6 26. Ke3 Re8 27. h4
b5 28. Rab1 a6 29. a4 bxa4 30. Rb7 Nc5 31. Rc7 Be7 0-1

[Event "AUTO-OPEN-1168"]
[Site "http://www.queenalice.com/game.php?id=626399"]
[Date "2009.7.28"]
[Round "3"]
[White "tiaokarreirov"]
[Black "alexsoncini"]
[Result "1-0"]
[WhiteElo "2125"]
[BlackElo "2125"]

1. d4 e6 2. e4 d5 3. e5 c5 4. c3 Nc6 5. Nf3 Qb6 6. Bd3 cxd4 7. cxd4 Bb4+ 8. Nc3
Bd7 9. a3 Bf8 10. Be3 Nh6 11. O-O Ng4 12. Na4 Nxe3 13. fxe3 Qa5 14. Ng5 Nd8 15.
Nc3 Be7 16. Nxh7 a6 17. Qh5 Rxh7 18. Qxh7 Bb5 19. Nxb5 axb5 20. Qxg7 Kd7 21. b4
Qb6 22. Qg4 Rc8 23. Qe2 Rc4 24. Bxc4 bxc4 25. Qc2 Qa6 26. Qc3 b5 27. Rf2 Nc6 28.
Rxf7 Qa4 29. Raf1 Qa7 30. Rg7 Nd8 31. h4 1-0

[Event "Challenge"]
[Site "http://www.queenalice.com/game.php?id=677258"]
[Date "2009.11.3"]
[Round "-"]
[White "fernando1971"]
[Black "tiaokarreirov"]
[Result "1-0"]
[WhiteElo "2388"]
[BlackElo "2131"]

1. Nf3 Nf6 2. d4 d5 3. e3 c5 4. dxc5 Qa5+ 5. Bd2 Qxc5 6. Bc3 Ne4 7. Bd4 Qa5+ 8.
Nc3 Nc6 9. Bb5 Bd7 10. Bxc6 bxc6 11. O-O Nd6 12. Rb1 Bg4 13. b4 Qc7 14. b5 Nc4
15. bxc6 Qxc6 16. Re1 f6 17. h3 Bxf3 18. Qxf3 e5 19. e4 Nd2 20. Qd3 Nxb1 21.
exd5 Qd7 22. Nxb1 Qxd5 23. Bxe5 Qxd3 24. Bd4+ 1-0

[Event "Challenge"]
[Site "http://www.queenalice.com/game.php?id=683903"]
[Date "2009.11.15"]
[Round "-"]
[White "tiaokarreirov"]
[Black "stan"]
[Result "0-1"]
[WhiteElo "2142"]
[BlackElo "2185"]

1. d4 Nf6 2. c4 Nc6 3. Nc3 e6 4. Nf3 Bb4 5. Qc2 O-O 6. e3 d6 7. Bd3 e5 8. d5 Nb8
9. Bd2 Na6 10. a3 Bxc3 0-1